<?xml version="1.0" encoding="UTF-8"?>
<collection xmlns="http://www.loc.gov/MARC21/slim">
 <record>
  <leader>03417nas a2200577   4500</leader>
  <controlfield tag="001">1/50522</controlfield>
  <controlfield tag="008">280212d19759999gw qrzp       0   a0eng d</controlfield>
  <datafield tag="022" ind1=" " ind2=" ">
   <subfield code="a">0025-1690</subfield>
  </datafield>
  <datafield tag="022" ind1="0" ind2=" ">
   <subfield code="a">0340-0352</subfield>
  </datafield>
  <datafield tag="035" ind1=" " ind2=" ">
   <subfield code="l">45107</subfield>
  </datafield>
  <datafield tag="040" ind1=" " ind2=" ">
   <subfield code="a">GR-PeUP</subfield>
  </datafield>
  <datafield tag="090" ind1=" " ind2=" ">
   <subfield code="a">Αλφαβητική σειρά</subfield>
  </datafield>
  <datafield tag="222" ind1=" " ind2="0">
   <subfield code="a">IFLA journal.</subfield>
  </datafield>
  <datafield tag="245" ind1="0" ind2="0">
   <subfield code="a">IFLA journal</subfield>
   <subfield code="c">International Federation of Library Associations.</subfield>
  </datafield>
  <datafield tag="260" ind1=" " ind2=" ">
   <subfield code="a">München :</subfield>
   <subfield code="b">Verlag Dokumentation,</subfield>
   <subfield code="c">1975-</subfield>
  </datafield>
  <datafield tag="300" ind1=" " ind2=" ">
   <subfield code="a">v. :</subfield>
   <subfield code="b">ill. ;</subfield>
   <subfield code="c">24 cm.</subfield>
  </datafield>
  <datafield tag="321" ind1=" " ind2=" ">
   <subfield code="a">Quarterly.</subfield>
  </datafield>
  <datafield tag="362" ind1="0" ind2=" ">
   <subfield code="a">Vol. LXXI no. 12 (June 1990) - Vol. LXXIII no. 2 (Aug. 1991).</subfield>
  </datafield>
  <datafield tag="546" ind1=" " ind2=" ">
   <subfield code="a">English.</subfield>
  </datafield>
  <datafield tag="650" ind1=" " ind2="4">
   <subfield code="a">International librarianship</subfield>
   <subfield code="v">Periodicals.</subfield>
  </datafield>
  <datafield tag="650" ind1=" " ind2="4">
   <subfield code="a">Library cooperation</subfield>
   <subfield code="v">Periodicals.</subfield>
  </datafield>
  <datafield tag="650" ind1=" " ind2="4">
   <subfield code="a">Library science</subfield>
   <subfield code="v">Periodicals.</subfield>
  </datafield>
  <datafield tag="650" ind1=" " ind2="4">
   <subfield code="a">Library science</subfield>
   <subfield code="x">Societies, etc.</subfield>
   <subfield code="v">Periodicals.</subfield>
  </datafield>
  <datafield tag="710" ind1="2" ind2=" ">
   <subfield code="a">International Federation of Library Associations and Institutions.</subfield>
  </datafield>
  <datafield tag="710" ind1="2" ind2=" ">
   <subfield code="a">International Federation of Library Associations.</subfield>
  </datafield>
  <datafield tag="852" ind1=" " ind2=" ">
   <subfield code="a">INST</subfield>
   <subfield code="b">UNIPILB</subfield>
   <subfield code="c">SERIALS</subfield>
   <subfield code="e">20121122</subfield>
   <subfield code="h">Αλφαβητική σειρά</subfield>
   <subfield code="p">77140</subfield>
   <subfield code="q">77140</subfield>
   <subfield code="t">NOLOAN</subfield>
   <subfield code="v">vol.38;no.3:(Μήνας)October;(Έτος)2012</subfield>
   <subfield code="y">23</subfield>
  </datafield>
  <datafield tag="852" ind1=" " ind2=" ">
   <subfield code="a">INST</subfield>
   <subfield code="b">UNIPILB</subfield>
   <subfield code="c">SERIALS</subfield>
   <subfield code="e">20121210</subfield>
   <subfield code="h">Αλφαβητική σειρά</subfield>
   <subfield code="p">77313</subfield>
   <subfield code="q">77313</subfield>
   <subfield code="t">NOLOAN</subfield>
   <subfield code="v">vol.38;no.1:(Μήνας)March;(Έτος)2012</subfield>
   <subfield code="y">23</subfield>
  </datafield>
  <datafield tag="852" ind1=" " ind2=" ">
   <subfield code="a">INST</subfield>
   <subfield code="b">UNIPILB</subfield>
   <subfield code="c">SERIALS</subfield>
   <subfield code="e">20130226</subfield>
   <subfield code="h">Αλφαβητική σειρά</subfield>
   <subfield code="p">78215</subfield>
   <subfield code="q">78215</subfield>
   <subfield code="t">NOLOAN</subfield>
   <subfield code="v">vol.38;no.4:(Μήνας)December;(Έτος)2012</subfield>
   <subfield code="y">23</subfield>
  </datafield>
  <datafield tag="852" ind1=" " ind2=" ">
   <subfield code="a">INST</subfield>
   <subfield code="b">UNIPILB</subfield>
   <subfield code="c">SERIALS</subfield>
   <subfield code="e">20140718</subfield>
   <subfield code="h">Αλφαβητική σειρά</subfield>
   <subfield code="p">84349</subfield>
   <subfield code="q">84349</subfield>
   <subfield code="t">NOLOAN</subfield>
   <subfield code="v">vol.40;no.2:(Μήνας)June;(Έτος)2014</subfield>
   <subfield code="y">23</subfield>
  </datafield>
  <datafield tag="852" ind1=" " ind2=" ">
   <subfield code="a">INST</subfield>
   <subfield code="b">UNIPILB</subfield>
   <subfield code="c">SERIALS</subfield>
   <subfield code="e">20141118</subfield>
   <subfield code="h">Αλφαβητική σειρά</subfield>
   <subfield code="p">85396</subfield>
   <subfield code="q">85396</subfield>
   <subfield code="t">NOLOAN</subfield>
   <subfield code="v">vol.40;no.3:(Μήνας)October;(Έτος)2014</subfield>
   <subfield code="y">23</subfield>
  </datafield>
  <datafield tag="852" ind1=" " ind2=" ">
   <subfield code="a">INST</subfield>
   <subfield code="b">UNIPILB</subfield>
   <subfield code="c">SERIALS</subfield>
   <subfield code="e">20150112</subfield>
   <subfield code="h">Αλφαβητική σειρά</subfield>
   <subfield code="p">85520</subfield>
   <subfield code="q">85520</subfield>
   <subfield code="t">NOLOAN</subfield>
   <subfield code="v">vol.40;no.4:(Μήνας)December;(Έτος)2014</subfield>
   <subfield code="y">23</subfield>
  </datafield>
  <datafield tag="852" ind1=" " ind2=" ">
   <subfield code="a">INST</subfield>
   <subfield code="b">UNIPILB</subfield>
   <subfield code="c">SERIALS</subfield>
   <subfield code="e">20150401</subfield>
   <subfield code="h">Αλφαβητική σειρά</subfield>
   <subfield code="p">86191</subfield>
   <subfield code="q">86191</subfield>
   <subfield code="t">NOLOAN</subfield>
   <subfield code="v">vol.41;no.1:(Μήνας)March;(Έτος)2015</subfield>
   <subfield code="y">23</subfield>
  </datafield>
  <datafield tag="852" ind1=" " ind2=" ">
   <subfield code="a">INST</subfield>
   <subfield code="b">UNIPILB</subfield>
   <subfield code="c">SERIALS</subfield>
   <subfield code="e">20150729</subfield>
   <subfield code="h">Αλφαβητική σειρά</subfield>
   <subfield code="p">86850</subfield>
   <subfield code="q">86850</subfield>
   <subfield code="t">NOLOAN</subfield>
   <subfield code="v">vol.41;no.2:(Μήνας)June;(Έτος)2015</subfield>
   <subfield code="y">23</subfield>
  </datafield>
  <datafield tag="852" ind1=" " ind2=" ">
   <subfield code="a">INST</subfield>
   <subfield code="b">UNIPILB</subfield>
   <subfield code="c">SERIALS</subfield>
   <subfield code="e">20151111</subfield>
   <subfield code="h">Αλφαβητική σειρά</subfield>
   <subfield code="p">87084</subfield>
   <subfield code="q">87084</subfield>
   <subfield code="t">NOLOAN</subfield>
   <subfield code="v">vol.41;no.3:(Μήνας)October;(Έτος)2015</subfield>
   <subfield code="y">23</subfield>
  </datafield>
  <datafield tag="852" ind1=" " ind2=" ">
   <subfield code="a">INST</subfield>
   <subfield code="b">UNIPILB</subfield>
   <subfield code="c">SERIALS</subfield>
   <subfield code="e">20160108</subfield>
   <subfield code="h">Αλφαβητική σειρά</subfield>
   <subfield code="p">87150</subfield>
   <subfield code="q">87150</subfield>
   <subfield code="t">NOLOAN</subfield>
   <subfield code="v">vol.41;no.4:(Μήνας)December;(Έτος)2015</subfield>
   <subfield code="y">23</subfield>
  </datafield>
  <datafield tag="856" ind1="4" ind2="1">
   <subfield code="u">http://ifl.sagepub.com/content/by/year</subfield>
  </datafield>
  <datafield tag="950" ind1=" " ind2=" ">
   <subfield code="a">01/03/2012</subfield>
   <subfield code="c">ΔΩΡΕΑ ΠΕΡΙΟΔΙΚΩΝ</subfield>
   <subfield code="d">840</subfield>
  </datafield>
  <datafield tag="951" ind1=" " ind2=" ">
   <subfield code="a">Vol.44 No.3 (October 2018)</subfield>
   <subfield code="b">Main run</subfield>
  </datafield>
  <datafield tag="951" ind1=" " ind2=" ">
   <subfield code="a">Vol. 35 no. 3 (Octomber 2009) - Vol. 36 no. 1 (March 2010)</subfield>
   <subfield code="b">Main run</subfield>
  </datafield>
  <datafield tag="951" ind1=" " ind2=" ">
   <subfield code="a">Vol. 38 no. 1 (March 2012)</subfield>
   <subfield code="b">Main run</subfield>
  </datafield>
  <datafield tag="951" ind1=" " ind2=" ">
   <subfield code="a">Vol. 38 no. 3 (October 2012)</subfield>
   <subfield code="b">Main run</subfield>
  </datafield>
  <datafield tag="951" ind1=" " ind2=" ">
   <subfield code="a">Vol. 38 no. 4 (December 2012)</subfield>
   <subfield code="b">Main run</subfield>
  </datafield>
  <datafield tag="951" ind1=" " ind2=" ">
   <subfield code="a">Vol. 39 no. 4  (December 2013)</subfield>
   <subfield code="b">Main run</subfield>
  </datafield>
  <datafield tag="951" ind1=" " ind2=" ">
   <subfield code="a">Vol. 40 no. 1  (March 2014)</subfield>
   <subfield code="b">Main run</subfield>
  </datafield>
  <datafield tag="951" ind1=" " ind2=" ">
   <subfield code="a">Vol. 40 no. 2 (June 2014)</subfield>
   <subfield code="b">Main run</subfield>
  </datafield>
  <datafield tag="951" ind1=" " ind2=" ">
   <subfield code="a">Vol. 40 no.3  (October 2014)</subfield>
   <subfield code="b">Main run</subfield>
  </datafield>
  <datafield tag="951" ind1=" " ind2=" ">
   <subfield code="a">Vol. 40 no. 4  (December 2014)</subfield>
   <subfield code="b">Main run</subfield>
  </datafield>
  <datafield tag="951" ind1=" " ind2=" ">
   <subfield code="a">Vol. 41 No. 1  (March 2015)</subfield>
   <subfield code="b">Main run</subfield>
  </datafield>
  <datafield tag="951" ind1=" " ind2=" ">
   <subfield code="a">Vol. 41 no.2  (June 2015)</subfield>
   <subfield code="b">Main run</subfield>
  </datafield>
  <datafield tag="951" ind1=" " ind2=" ">
   <subfield code="a">Vol. 41 no.3  (October 2015)</subfield>
   <subfield code="b">Main run</subfield>
  </datafield>
  <datafield tag="951" ind1=" " ind2=" ">
   <subfield code="a">Vol. 41 No.4  (December 2015)</subfield>
   <subfield code="b">Main run</subfield>
  </datafield>
 </record>
</collection>
